Potencial genotoxicity assessment of a new environment-friendly repellent preparation

Bibliographic Details
Main Authors: Miadoková, Eva, 1946- (Author), Vlčková, Viera (molekulárna biologička) (Author), Dúhová, Viola (Author), Trebatická, Mária (Author), Grolmus, Ján (Author), Fislová, Tatiana (Author), Danková, Andrea (Author), Kečkešová, Zuzana (Author), Baborová, Ivana (Author)
Format: Article
Language:Slovak
English
Subjects:

MARC

LEADER 00000nab a2200000 a 4500
001 vtls000814156
003 SK-MaSNL
005 20260304132311.0
008 250429c2001 xo 0 slo
015 |a SNBRB2002/11-37644 
035 |a CLN000165811 
035 |a urn:nbn:sk:snk-abbvxs 
035 |a (urnnbn)urn:nbn:sk:snk:ar-000uqf 
035 |a (uuid)4ce67318-4120-418a-ade5-ccb4c3ee83f0 
040 |a SNKBUCL  |b slo  |c SNKBUCL  |e AACR2 
041 0 |a eng 
044 |a xo  |c SK 
080 |a 615.285:575.113:582.4  |2 1997 
100 1 |a Miadoková, Eva,  |d 1946-  |4 aut  |9 5905 
245 1 0 |a Potencial genotoxicity assessment of a new environment-friendly repellent preparation  |c E. Miadoková ... [et al.] 
300 |b Tab. 
504 |a Res. angl. 
504 |a Bibliogr. odkazy 
650 0 7 |a repelenty insekticídne  |x analýza  |x toxicita  |2 snkbucl  |9 1447196 
650 0 7 |a mutagény  |2 SNKPH  |9 20389 
650 0 7 |a rastliny  |x otrava  |2 snkbucl  |9 1447197 
650 0 7 |a stromy  |x rast a vývoj  |x genetika  |2 snkbucl  |9 1447198 
650 0 7 |a ekológia  |2 snkbucl  |9 785 
655 7 |a články z novín a časopisov  |2 snkbucl  |9 267496 
700 1 |a Vlčková, Viera  |c (molekulárna biologička)  |4 aut  |9 216081 
700 1 |a Dúhová, Viola  |4 aut  |9 8332 
700 1 |a Trebatická, Mária  |4 aut  |9 6938 
700 1 |a Grolmus, Ján  |4 aut  |9 7687 
700 1 |a Fislová, Tatiana  |4 aut  |9 23975 
700 1 |a Danková, Andrea  |4 aut  |9 545595 
700 1 |a Kečkešová, Zuzana  |4 aut  |9 1447199 
700 1 |a Baborová, Ivana  |4 aut  |9 1447200 
773 0 |t Biologia  |g Roč. 56, č. 6 (2001), s. 703-707  |x 0006-3088 
850 |a Slovenská národná knižnica 
852 |a Slovenská národná knižnica 
954 |a odborná, vedecká literatúra pôvodná (slovenská)  |2 lita 
958 |a article15 
958 |a MI 
958 |a NB 
958 |a OND 
958 |a EUIPO 
992 |a RBX 
999 |c 2898705  |d 2900635